[Event "Chess24 Banter Blitz Cup Final"]
[Site "chess24.com INT"]
[Date "2020.09.21"]
[Round "1.2"]
[White "Svidler, Peter"]
[Black "Giri, Anish"]
[Result "1-0"]
[WhiteElo "2723"]
[BlackElo "2764"]
[PlyCount "59"]
[EventDate "2020.09.21"]
[EventType "k.o. (blitz)"]
[EventRounds "4"]
[EventCountry "GER"]
[SourceTitle "CBM 198 Extra"]
[Source "ChessBase"]
[SourceDate "2020.11.30"]
[SourceVersion "1"]
[SourceVersionDate "2020.11.30"]
[SourceQuality "1"]

1. Nf3 {Giri,Anish} d5 2. g3 g6 3. Bg2 Bg7 4. O-O e5 5. d3 Nc6 6. e4 dxe4 7. dxe4 Qxd1 8. Rxd1 Bg4 9. c3 Nf6 10. h3 ({RR} 10. Nbd2 O-O 11. Re1 Rad8 12. Nc4 Rfe8 13. h3 Bc8 14. b4 b5 ({RR} 14... Rd3 15. Bd2 ({RR} 15. Bb2 Be6 16. Ncxe5 Nxe5 17. Nxe5 Rd2) 15... Be6 16. Nb2 Rdd8) 15. Nb2 a5 16. a4 axb4 17. axb5 bxc3 18. bxc6 cxb2 19. Bxb2 Rd6 20. Nxe5 Nh5 21. Ra8 Bd7 ({RR} 21... Rde6 22. Rb1 Bd7 23. Nxd7 Rxa8 24. e5) 22. Rea1 Bc8 23. R1a7 {1-0 (23) Giri,A (2772)-Ding,L (2799) chess24.com INT 2022 CBM 207 [Giri,Anish]}) 10... Bxf3 $146 ({RR} 10... Be6 11. Nbd2 Bh6 12. b4 O-O-O 13. Bb2 Nd7 14. a4 a5 15. b5 Ncb8 16. Bf1 f6 17. Nc4 b6 18. Ba3 Bf8 19. Ne3 Bxa3 20. Rxa3 Nc5 21. Nd2 Rd7 22. c4 Rhd8 23. Nd5 f5 24. f3 Kb7 25. Bg2 {Nakamura,H (2768)-Kollars,D (2606) chess.com INT 2023 1-0 (64)}) ({RR} 10... Be6 11. Ng5 Bd7 12. Nd2 h6 13. Ngf3 O-O-O 14. Re1 ({RR} 14. b4 Be6 15. Bb2 Nd7 16. a4 a5 17. b5 Ncb8 18. c4 f6 19. Nh4 Bf7 20. f4 Nc5 21. fxe5 fxe5 22. Rf1 Be8 23. Bc3 b6 24. Nhf3 Rd3 25. Rfc1 Rf8 26. Bb2 g5 27. Rc3 Rd6 28. Nb3 Nbd7) 14... Be6 15. Bf1 Nd7 16. Nb3 a5 17. Be3 a4 18. Nbd2 Bf8 19. b4 axb3 20. axb3 Bc5 21. Bxc5 Nxc5 22. b4 Nd7 23. Nc4 f6 24. Ra8+ Ncb8 25. Rea1 {Carlsen,M (2828)-Wei,Y (2758) Warsaw, Poland 2024 1-0 (58)}) ({RR} 10... Be6 11. Ng5 Bd7 12. Nd2 h6 13. Ngf3 O-O-O 14. Re1 Be6 15. Bf1 Ne8 16. Kg2 Nd6 17. b4 Rhe8 18. Nh4 g5 19. Nhf3 f5 20. b5 Na5 21. exf5 Bd5 22. g4 c5 23. bxc6 Nxc6 24. Bb2 e4 25. Nd4 {Petriashvili,N (2450)-Lumachi,G (2450) Trieste ITA 2025 ½-½ (39)}) 11. Bxf3 h5 12. Nd2 O-O-O 13. Re1 Bh6 14. Nc4 Bxc1 15. Raxc1 Rhe8 16. Kg2 Nb8 17. b4 Nbd7 18. Bd1 Nb6 19. Na5 Rd2 20. Bb3 Re7 21. c4 Nbd7 22. c5 Nb8 23. Nc4 Rd4 24. Nd6+ Kd7 25. Nxf7 Rxb4 26. Red1+ Kc6 27. a4 Rxf7 28. Bxf7 g5 29. Rd8 Nbd7 30. Bd5+ 1-0

[Event "Chess24 Banter Blitz Cup Final"]
[Site "chess24.com INT"]
[Date "2020.09.21"]
[Round "1.4"]
[White "Svidler, Peter"]
[Black "Giri, Anish"]
[Result "1-0"]
[WhiteElo "2723"]
[BlackElo "2764"]
[PlyCount "133"]
[EventDate "2020.09.21"]
[EventType "k.o. (blitz)"]
[EventRounds "4"]
[EventCountry "GER"]
[SourceTitle "CBM 198 Extra"]
[Source "ChessBase"]
[SourceDate "2020.11.30"]
[SourceVersion "1"]
[SourceVersionDate "2020.11.30"]
[SourceQuality "1"]

1. Nf3 d5 2. b3 Bg4 3. Bb2 Nd7 4. e3 e5 5. h3 Bxf3 6. Qxf3 Ngf6 7. c4 ({RR} 7. g3 Bd6 8. Bg2 Qe7 9. d3 e4 10. Qe2 Be5 11. Bxe5 Nxe5 12. d4 Ng6 13. O-O h5 14. c4 c6 15. Nc3 O-O 16. f3 exf3 17. Bxf3 Rae8 18. Rae1 Qb4 19. Qc2 h4 20. cxd5 hxg3 21. dxc6 bxc6 {Alonso,R (2130)-Nguyen,Q (2404) chess.com INT 2025 0-1 (38)}) 7... c6 8. cxd5 cxd5 9. Nc3 $146 ({RR} 9. g4 h6 10. Nc3 e4 11. Qg3 Nc5 12. Bb5+ Ncd7 13. Qe5+ Qe7 14. Qc7 Qd6 15. Qxb7 Rb8 16. Qxa7 Be7 17. Ba3 Qe5 18. Bxe7 Kxe7 19. Qd4 Qd6 20. Bxd7 Kxd7 21. O-O Rb4 22. Qa7+ Ke6 23. Ne2 Nd7 {Goldin,R (2323)-Gavrilov,M (2179) chess.com INT 2023 0-1 (96)}) 9... e4 10. Qg3 a6 11. Be2 Qb8 12. f4 exf3 13. Qxf3 Qe5 14. O-O-O Qe6 15. g4 Rc8 16. Kb1 Bd6 17. g5 Ne4 18. Nxe4 dxe4 19. Qg4 O-O 20. Bc4 Qxg4 21. hxg4 Be5 22. g6 hxg6 23. Rh3 Rxc4 24. bxc4 f6 25. Ba3 Rc8 26. Rdh1 Rxc4 27. Rh8+ Kf7 28. Rd8 Rc7 29. Rhh8 g5 30. Rc8 Rxc8 31. Rxc8 g6 32. Kc2 f5 33. Kd1 fxg4 34. Ke2 g3 35. Kf1 Nf6 36. Bb4 Nh5 37. Bc3 Bd6 38. Rd8 Ke6 39. Re8+ Kf5 40. Kg2 b5 41. Ra8 b4 42. Bd4 Nf4+ 43. Kxg3 Nd3+ 44. Kg2 Ne1+ 45. Kf1 Nf3 46. Rxa6 Bg3 47. Kg2 Be1 48. Rf6+ Kg4 49. Bc5 Bxd2 50. Rb6 Kf5 51. Rb5 Kg4 52. Bxb4 Bxe3 53. a4 Nh4+ 54. Kf1 Kf3 55. Bc5 Nf5 56. a5 Bd2 57. a6 Ng3+ 58. Kg1 Ne2+ 59. Kh1 g4 60. Rb3+ e3 61. a7 Ng3+ 62. Kh2 Kf2 63. Rb1 Nf1+ 64. Rxf1+ Kxf1 65. a8=Q Ke2 66. Kg2 Kd3 67. Qa6+ 1-0

[Event "Chess24 Banter Blitz Cup Final"]
[Site "chess24.com INT"]
[Date "2020.09.21"]
[Round "1.7"]
[White "Vachier Lagrave, Maxime"]
[Black "Oparin, Grigoriy"]
[Result "1-0"]
[WhiteElo "2778"]
[BlackElo "2652"]
[PlyCount "59"]
[EventDate "2020.09.21"]
[EventType "k.o. (blitz)"]
[EventRounds "4"]
[EventCountry "GER"]
[SourceTitle "CBM 198 Extra"]
[Source "ChessBase"]
[SourceDate "2020.11.30"]
[SourceVersion "1"]
[SourceVersionDate "2020.11.30"]
[SourceQuality "1"]

1. Nf3 Nf6 2. g3 d5 3. Bg2 c5 4. O-O g6 5. b3 Bg7 6. Bb2 O-O 7. e3 b6 ({RR} 7... Nc6 8. Ne5 Nxe5 9. Bxe5 Bg4 10. Qc1 Qd7 11. d3 Qf5 12. Bb2 Bh3 13. Nd2 Bxg2 14. Kxg2 Rfd8 15. Qd1 Rac8 16. Qe2 Qe6 17. Rfe1 b5 18. a4 c4 19. Bd4 a6 20. axb5 axb5 21. Nf3 Nd7 22. Ra5 {Carlsen,M (2868)-Radjabov,T (2745) Stavanger 2013 0-1 (61)}) ({RR} 7... Nc6 8. c4 d4 9. exd4 cxd4 10. Re1 Bf5 11. d3 Nb4 12. Ne5 Nd7 13. Nxd7 Qxd7 14. Be4 e5 15. a3 Bxe4 16. Rxe4 Nc6 17. b4 f5 18. Re1 f4 19. Nd2 fxg3 20. fxg3 Bh6 21. Ne4 Be3+ 22. Kg2 {Wilk,I (2153)-Joseph,M (2096) chess.com INT 2025 1-0 (47)}) 8. d4 cxd4 $146 ({RR} 8... Bb7 9. dxc5 bxc5 10. Nbd2 e6 11. c4 Nbd7 12. Rc1 Qb6 13. Ne5 Nxe5 14. Bxe5 Rfd8 15. Qc2 Rac8 16. Qb2 Ne8 17. Bxg7 Nxg7 18. cxd5 exd5 19. Rfd1 Ne6 20. h4 a5 21. Qf6 a4 22. h5 Rd6 23. Qe5 {Zhizmer,Y (2289)-Lopez del Alamo,A (2237) chess.com INT 2024 1-0 (36)}) 9. exd4 Bb7 10. Ne5 Nbd7 11. Nd2 Rc8 12. c4 e6 13. Re1 Re8 14. Rc1 Rc7 15. cxd5 Bxd5 16. Rxc7 Qxc7 17. Bxd5 Nxd5 18. Qf3 Nxe5 19. dxe5 Rc8 20. Nc4 Qd7 21. Rd1 h5 22. h4 b5 23. Ne3 Rd8 24. Nxd5 exd5 25. Bd4 a6 26. Rc1 Bh6 27. Qf6 Kh7 28. Rc6 Bg7 29. Qxg7+ Kxg7 30. e6+ 1-0

[Event "Chess24 Banter Blitz Cup Final"]
[Site "chess24.com INT"]
[Date "2020.09.24"]
[Round "2.3"]
[White "Grischuk, Alexander"]
[Black "Aronian, Levon"]
[Result "1-0"]
[WhiteElo "2777"]
[BlackElo "2773"]
[PlyCount "185"]
[EventDate "2020.09.21"]
[EventType "k.o. (blitz)"]
[EventRounds "4"]
[EventCountry "GER"]
[SourceTitle "CBM 198 Extra"]
[Source "ChessBase"]
[SourceDate "2020.11.30"]
[SourceVersion "1"]
[SourceVersionDate "2020.11.30"]
[SourceQuality "1"]

1. Nf3 d5 2. g3 Nf6 3. Bg2 g6 4. c4 dxc4 5. Qa4+ Nfd7 6. Qxc4 Bg7 7. O-O O-O 8. d3 c5 ({RR} 8... Nb6 9. Qh4 Nc6 10. Nc3 a5 11. Bh6 f6 12. Bxg7 Kxg7 13. d4 Nb4 14. Rfd1 c6 15. Qf4 a4 16. e4 Nc4 17. Qc1 a3 18. bxa3 Nxa3 19. Qb2 {½-½ (19) Dunnington,A (2256)-Urh,Z (2256) Darlington ENG 2024}) 9. Nc3 Nc6 10. Qh4 ({RR} 10. Be3 b6 11. Qh4 Bb7 12. d4 cxd4 13. Nxd4 Nxd4 14. Bxd4 Bxg2 15. Kxg2 Nf6 16. Rfd1 Qc7 17. Rac1 Qb7+ 18. f3 Rfd8 19. Qf4 Rac8 20. Qe3 h5 21. h3 Rd6 22. Rd3 Re6 23. Qf2 b5 24. Rcd1 b4 {Grischuk,A (2777)-Aronian,L (2773) chess24.com INT 2020 0-1 (97)}) 10... e5 $146 ({RR} 10... e6 11. Qxd8 Rxd8 12. Bg5 f6 13. Be3 e5 14. Nb5 Bf8 15. Rac1 Nd4 16. Nfxd4 exd4 17. Bd2 Ne5 18. Ba5 Rd7 19. Nc7 Rb8 20. Nd5 Kg7 21. Bc7 Ra8 22. b4 cxb4 23. Bxe5 fxe5 24. Nc7 Rb8 25. Ne6+ {Doda,Z-Lombard,A Polanica Zdroj 1974 0-1 (36)}) 11. Bg5 f6 12. Bh6 Bxh6 13. Qxh6 Qe7 14. Rfc1 Rb8 15. a3 Rd8 16. b4 cxb4 17. Nd5 Qf8 18. Qxf8+ Kxf8 19. axb4 a6 20. Rab1 Ne7 21. Nxe7 Kxe7 22. b5 axb5 23. Rxb5 b6 24. Nd2 Ba6 25. Rb4 Rdc8 26. Ra1 Bb7 27. Nc4 Bxg2 28. Kxg2 b5 29. Na3 Ra8 30. Rxb5 Nc5 31. Rc1 Rxa3 32. Rbxc5 Rxc5 33. Rxc5 h5 34. Rc7+ Kd6 35. Rg7 g5 36. Rh7 Ra2 37. Kf3 g4+ 38. Ke3 Ra1 39. Rxh5 Rh1 40. d4 exd4+ 41. Kxd4 Ke6 42. Ke4 Ra1 43. f3 Ra4+ 44. Ke3 Ra3+ 45. Kf2 gxf3 46. exf3 Ra2+ 47. Kg1 f5 48. g4 fxg4 49. fxg4 Kf6 50. Rf5+ Kg6 51. h3 Rb2 52. Rf2 Rb5 53. Kg2 Kg5 54. Kg3 Rb3+ 55. Rf3 Rb1 56. h4+ Kg6 57. Rc3 Rg1+ 58. Kf3 Rf1+ 59. Kg2 Rb1 60. Rc6+ Kg7 61. Re6 Rb3 62. Rd6 Ra3 63. Rc6 Rd3 64. Rb6 Rc3 65. Re6 Rb3 66. Kf2 Rh3 67. h5 Kf7 68. Re3 Rh1 69. Kg2 Ra1 70. Kg3 Kf6 71. Kf4 Rf1+ 72. Rf3 Rg1 73. Rf2 Rh1 74. Kg3+ Kg5 75. Rf5+ Kh6 76. Rf6+ Kg7 77. Ra6 Kh7 78. Kf4 Kg7 79. Kg5 Rb1 80. Ra7+ Kg8 81. h6 Rb5+ 82. Kg6 Rb6+ 83. Kh5 Rd6 84. g5 Rc6 85. Re7 Rc5 86. Kg6 Rc6+ 87. Kf5 Rc5+ 88. Re5 Rc1 89. Re6 Kh7 90. Re7+ Kg8 91. Kf6 Rc6+ 92. Re6 Rc1 93. Re8+ 1-0

[Event "Yerevan Cup"]
[Site "Yerevan"]
[Date "2020.09.21"]
[Round "1.3"]
[White "Petrosian, Tigran L"]
[Black "Andriasian, Zaven"]
[Result "1-0"]
[WhiteElo "2601"]
[BlackElo "2606"]
[PlyCount "151"]
[EventDate "2020.09.21"]
[EventType "k.o."]
[EventRounds "3"]
[EventCountry "ARM"]
[SourceTitle "CBM 198 Extra"]
[Source "ChessBase"]
[SourceDate "2020.11.30"]
[SourceVersion "1"]
[SourceVersionDate "2020.11.30"]
[SourceQuality "1"]

1. Nf3 d5 2. g3 Bg4 3. Bg2 Nd7 4. c4 e6 5. Qb3 Nc5 6. Qc2 Nf6 7. O-O Be7 8. d3 O-O 9. Be3 Ncd7 10. cxd5 exd5 11. Nbd2 $146 ({RR} 11. a3 c6 12. Nbd2 a5 13. Qb3 Qc8 14. Rac1 Re8 15. Rfe1 Bd6 16. Bd4 h6 17. e4 dxe4 18. dxe4 Bxf3 19. Bxf3 Be5 20. Be3 Qc7 21. Nc4 b5 22. Nxe5 Nxe5 23. Bg2 Nc4 24. Bd4 Rad8 25. Bxf6 gxf6 {Petrosian,T (2601)-Andriasian,Z (2606) Yerevan 2020 0-1 (50)}) 11... c6 12. Nb3 Re8 13. a3 Bd6 14. Rfe1 Bh5 15. Bd2 Rc8 16. Na5 Rc7 17. b4 Bxf3 18. Bxf3 Ne5 19. Bg2 h6 20. e4 dxe4 21. dxe4 Rd7 22. Rad1 Ng6 23. Bc3 Qc7 24. f4 Be7 25. Rxd7 Nxd7 26. Bd4 c5 27. Bf2 b6 28. Nb3 Rc8 29. b5 c4 30. Nd4 Bxa3 31. e5 Ngf8 32. Nc6 Nb8 33. Qxc4 a6 34. Qb3 Nxc6 35. bxc6 Bc5 36. Bxc5 bxc5 37. Qb7 Qa5 38. Rf1 Rc7 39. Qb8 c4 40. Kh1 c3 41. Qb3 Qc5 42. Rc1 Rxc6 43. Bxc6 Qxc6+ 44. Kg1 Qc5+ 45. Kg2 Qc6+ 46. Kf2 Qc5+ 47. Kf1 Qc6 48. Kg1 Qc5+ 49. Kg2 Qc6+ 50. Kf2 Qc5+ 51. Kf3 Qc6+ 52. Ke3 Qc5+ 53. Ke4 Qc6+ 54. Qd5 Qa4+ 55. Kd3 g6 56. Qc4 Qd7+ 57. Kxc3 Ne6 58. Kb2 Qb7+ 59. Qb3 Qe4 60. Rc8+ Kg7 61. Qb8 Qe2+ 62. Ka3 Qd3+ 63. Ka4 Qd4+ 64. Ka5 Qd5+ 65. Kb6 Qd4+ 66. Kb7 Nc5+ 67. Kc6 Qe4+ 68. Kxc5 Qc2+ 69. Kd6 Qd3+ 70. Ke7 Qa3+ 71. Kd7 Qd3+ 72. Qd6 Qf5+ 73. e6 Qb5+ 74. Kc7 Qa5+ 75. Kb7 Qb5+ 76. Ka8 1-0

[Event "Titled Tuesday intern op 22nd Sept"]
[Site "Chess.com INT"]
[Date "2020.09.22"]
[Round "3"]
[White "Nakamura, Hikaru"]
[Black "Pultinevicius, Paulius"]
[Result "1-0"]
[WhiteElo "2736"]
[BlackElo "2510"]
[PlyCount "55"]
[EventDate "2020.09.22"]
[EventType "swiss (blitz)"]
[EventRounds "10"]
[EventCountry "USA"]
[SourceTitle "CBM 198 Extra"]
[Source "ChessBase"]
[SourceDate "2020.11.30"]
[SourceVersion "1"]
[SourceVersionDate "2020.11.30"]
[SourceQuality "1"]

1. Nf3 Nf6 2. b3 c5 3. Bb2 Nc6 4. e3 d5 5. Bb5 Bd7 6. O-O e6 7. d3 a6 8. Bxc6 Bxc6 9. Ne5 Qc7 10. Nd2 Bd6 ({RR} 10... Be7 11. f4 Rd8 12. Qf3 d4 13. e4 Nd7 14. Nxc6 Qxc6 15. Qg3 O-O 16. Nf3 f5 17. Rae1 Rde8 18. Bc1 b5 19. Bd2 Nf6 20. exf5 exf5 21. Re5 Qd7 22. Qh3 g6 23. Rfe1 Bd6 24. Rxe8 Rxe8 25. Qg3 {Esipenko,A (2682)-Sarana,A (2654) Chess.com INT 2020 0-1 (85)}) 11. f4 b5 ({RR} 11... O-O 12. Qe1 Nd7 13. Nxc6 Qxc6 14. Qg3 f6 15. Qg4 Rae8 16. Rf3 e5 17. Rg3 Rf7 18. f5 e4 19. Rh3 exd3 20. cxd3 Be5 21. Bxe5 Nxe5 22. Qh5 h6 23. Rg3 Nxd3 24. Qxh6 Qd6 25. Qg6 d4 26. Rh3 {Alahakoon,I (1878)-Mazzilli,P (2303) chess.com INT 2024 0-1 (54)}) 12. Rf3 $146 ({RR} 12. Ndf3 h6 13. Qe2 Bb7 14. a4 b4 15. c4 bxc3 16. Bxc3 d4 17. exd4 Nd5 18. Bd2 cxd4 19. Rac1 Qb6 20. Nc4 Qd8 21. f5 O-O 22. fxe6 Ne3 23. Bxe3 dxe3 24. Qxe3 Bd5 25. exf7+ Rxf7 26. Nfe5 Rxf1+ {Dobrov,V (2478)-Kanakaris,G (2400) Chess.com INT 2021 1-0 (46)}) 12... Bb7 13. Rg3 Rg8 14. c4 O-O-O 15. cxb5 axb5 16. a4 b4 17. Rc1 g5 18. d4 gxf4 19. exf4 Rxg3 20. hxg3 Ne4 21. Nxe4 dxe4 22. Qh5 f5 23. Nf7 Rg8 24. dxc5 Bxf4 25. Nd6+ Kb8 26. gxf4 Bd5 27. Be5 Ka8 28. Nb5 1-0

[Event "Titled Tuesday intern op 22nd Sept"]
[Site "Chess.com INT"]
[Date "2020.09.22"]
[Round "6"]
[White "Vachier Lagrave, Maxime"]
[Black "Holt, Conrad"]
[Result "1-0"]
[WhiteElo "2778"]
[BlackElo "2549"]
[PlyCount "77"]
[EventDate "2020.09.22"]
[EventType "swiss (blitz)"]
[EventRounds "10"]
[EventCountry "USA"]
[SourceTitle "CBM 198 Extra"]
[Source "ChessBase"]
[SourceDate "2020.11.30"]
[SourceVersion "1"]
[SourceVersionDate "2020.11.30"]
[SourceQuality "1"]

1. Nf3 d5 2. b3 Bf5 3. e3 e6 4. Bb2 Nd7 5. Be2 h6 6. d3 Ngf6 7. Nbd2 Be7 ({RR} 7... a5 8. a3 Bh7 9. Rg1 Bd6 10. g4 g5 11. c4 Qe7 12. cxd5 exd5 13. h3 c6 14. Qc2 c5 15. Rc1 b5 16. Qd1 d4 17. e4 O-O 18. a4 b4 19. Nc4 Bf4 20. Kf1 Ne8 21. Rc2 f6 22. Bc1 {Radjabov,T (2765)-Giri,A (2764) chess24.com INT 2021 ½-½ (38)}) 8. c4 c6 9. O-O O-O 10. Re1 $146 ({RR} 10. Ne5 Nxe5 11. Bxe5 Nd7 12. Bb2 Bh7 13. Nf3 Rc8 14. Qd2 Qc7 15. cxd5 exd5 16. b4 Qd6 17. Rab1 Bf6 18. Rfc1 Rfe8 19. a4 Bd8 20. Rc2 Bc7 21. Rbc1 Bb8 22. Qc3 Nf6 23. Qc5 Bg6 24. a5 Kh8 {Novak,K (2091)-Mar,K (1898) Busevec 2002 1-0 (60)}) 10... a5 11. a3 Qb6 12. Bd4 c5 13. Bc3 Rfd8 14. Qc2 Nb8 15. Ne5 d4 16. exd4 cxd4 17. Bb2 Nc6 18. Bf3 Qc7 19. Nxc6 bxc6 20. c5 Rab8 21. Nc4 Rb5 22. a4 Rbb8 23. Ne5 Nd5 24. Bxd4 Nb4 25. Qc3 Bf6 26. Rad1 Rxd4 27. Qxd4 Nxd3 28. Rxd3 Bxd3 29. Qd6 Qxd6 30. cxd6 Bxe5 31. Rxe5 Rd8 32. Rxa5 Rxd6 33. h4 e5 34. Rxe5 Bc2 35. Re3 Bd1 36. Be4 c5 37. Rc3 Kf8 38. Bd3 Rd4 39. a5 1-0

[Event "Arad op 13th"]
[Site "Arad"]
[Date "2020.09.28"]
[Round "4"]
[White "Kozak, Adam"]
[Black "Solodovnichenko, Yuri"]
[Result "1-0"]
[WhiteElo "2503"]
[BlackElo "2553"]
[PlyCount "65"]
[EventDate "2020.09.25"]
[EventType "swiss"]
[EventRounds "9"]
[EventCountry "ROU"]
[SourceTitle "CBM 198 Extra"]
[Source "ChessBase"]
[SourceDate "2020.11.30"]
[SourceVersion "1"]
[SourceVersionDate "2020.11.30"]
[SourceQuality "1"]

1. Nf3 Nf6 2. g3 d5 3. Bg2 c6 4. O-O Bg4 5. h3 Bh5 6. d4 Nbd7 7. c4 e6 8. cxd5 cxd5 9. Nc3 Bd6 10. Qb3 Qb6 11. e4 Nxe4 12. Nxe4 dxe4 13. Ng5 Nf6 $146 ({RR} 13... Bg6 14. Nxe4 Bxe4 15. Bxe4 O-O-O 16. Be3 Qxb3 17. axb3 a6 18. Bg5 {½-½ (18) Mikhalevski,V (2524)-Barbosa,O (2475) New York USA 2023}) ({RR} 13... Qxb3 14. axb3 Bb4 15. g4 Bg6 16. Nxe4 a5 17. Be3 Rc8 18. Rfc1 O-O 19. Nc3 b6 20. Bb7 Rc7 21. Ba6 Nf6 22. Bc4 Bxc3 23. bxc3 Nd5 24. Bd2 h6 25. Be2 Rd8 26. Bf3 Bd3 27. c4 Nb4 28. Bxb4 {Mica,M (2333)-Velicka,P (2334) Czech Republic CZE 2025 0-1 (94)}) 14. Nxe4 Nxe4 15. Bxe4 O-O-O 16. Qxb6 axb6 17. Be3 Kb8 18. a4 Be2 19. Rfc1 Rc8 20. d5 Bc4 21. Rd1 exd5 22. Bxd5 Be5 23. Bxb6 Bxb2 24. Rab1 Bxd5 25. Rxd5 Rc2 26. Be3 Re8 27. Rb5 Be5 28. Rxb7+ Kc8 29. Rxf7 Bxg3 30. Rxg7 Be5 31. Rxh7 Rg8+ 32. Kh1 Rc4 33. Rc1 1-0

[Event "SCO National Chess Online"]
[Site "Chess.com INT"]
[Date "2020.09.26"]
[Round "2.3"]
[White "Tomashevsky, Evgeny"]
[Black "Lu, Shanglei"]
[Result "1-0"]
[WhiteElo "2706"]
[BlackElo "2615"]
[PlyCount "181"]
[EventDate "2020.09.26"]
[EventType "team (rapid)"]
[EventRounds "9"]
[EventCountry "USA"]
[SourceTitle "CBM 198 Extra"]
[Source "ChessBase"]
[SourceDate "2020.11.30"]
[SourceVersion "1"]
[SourceVersionDate "2020.11.30"]
[SourceQuality "1"]
[WhiteTeam "Russia"]
[BlackTeam "China"]
[WhiteTeamCountry "RUS"]
[BlackTeamCountry "CHN"]

1. Nf3 Nf6 2. b3 c5 3. Bb2 Nc6 4. e3 d5 5. Bb5 Qb6 6. c4 e6 ({RR} 6... dxc4 7. Bxc4 Bg4 8. h3 Bh5 9. Nc3 e6 10. g4 Bg6 11. g5 Nd7 12. Nh4 Nde5 13. Nxg6 hxg6 14. Be2 Qd8 15. f4 Nd3+ 16. Bxd3 Qxd3 17. Qe2 Qf5 18. O-O-O O-O-O 19. Rdf1 c4 20. Qxc4 Rxh3 21. Rxh3 {Yoo,C (2573)-Tang,A (2539) chess.com INT 2022 1-0 (35)}) 7. O-O Be7 8. Ne5 $146 ({RR} 8. d4 O-O 9. Bxc6 bxc6 10. dxc5 Qxc5 11. Ba3 Qxa3 12. Nxa3 Bxa3 13. cxd5 cxd5 14. Qe2 a5 15. Rfd1 Ne4 16. Qb5 Ba6 17. Qa4 Bb2 18. Rab1 Nc3 19. Qd7 Nxd1 20. Rxd1 Rfd8 21. Qa4 Rdc8 22. h4 h6 {Serban,C (2295)-Ganichev,A (2241) chess.com INT 2025 1-0 (55)}) 8... O-O 9. Bxc6 bxc6 10. Nc3 Qc7 11. Na4 Rd8 12. d3 Ne8 13. f4 f6 14. Nf3 Nd6 15. Qe2 Nb7 16. Ba3 Bd6 17. Rae1 Qe7 18. Nd2 e5 19. f5 Bd7 20. e4 d4 21. Rf3 g5 22. Rg3 h6 23. h4 Be8 24. Kf2 Kg7 25. Rh1 Bf7 26. Rgh3 Rh8 27. Nf1 Rag8 28. Ng3 g4 29. Qxg4+ Kf8 30. Qe2 h5 31. Nf1 Be8 32. Rg3 Rxg3 33. Nxg3 Qg7 34. Nf1 Rg8 35. g3 Ke7 36. Ke1 Kd8 37. Kd1 Kc7 38. Kc2 a5 39. Rg1 Qh6 40. Qd2 Qh7 41. Nh2 Kd7 42. Qf2 Bf7 43. g4 hxg4 44. Rxg4 Rh8 45. Bc1 Bh5 46. Rg1 Bf8 47. Ng4 Qf7 48. Bd2 Qe7 49. Qe1 Qd8 50. Rg3 Kc8 51. Nh2 Kb8 52. Qg1 Bf7 53. Nf3 Ka7 54. Qg2 Ka6 55. Qf1 Qb8 56. Qe1 Qa7 57. Rg1 Qb8 58. Nh2 Qc7 59. Ng4 Qd8 60. Rg2 Bh5 61. Nh2 Bf7 62. Nf1 Be7 63. Rg7 Qe8 64. Nh2 Bf8 65. Rg1 Bh5 66. Ng4 Be7 67. a3 Rg8 68. Nh2 Rxg1 69. Qxg1 Qf8 70. Qg2 Nd8 71. Be1 Nf7 72. Qd2 Qd8 73. Nf1 Bf8 74. Ng3 Bg4 75. Qg2 Qe7 76. Bd2 Nd8 77. Qh2 Nf7 78. h5 Bh6 79. Bxh6 Nxh6 80. Qd2 Nf7 81. h6 Ng5 82. Nh1 Qf8 83. Nf2 Bh5 84. Nh1 Bf3 85. Ng3 Qxh6 86. Nxc5+ Kb6 87. b4 Qh3 88. bxa5+ Kc7 89. a6 Qxg3 90. a7 Bxe4 91. a8=Q 1-0

[Event "Titled Tuesday intern op 29th Sept"]
[Site "Chess.com INT"]
[Date "2020.09.29"]
[Round "4"]
[White "Pultinevicius, Paulius"]
[Black "Deac, Bogdan Daniel"]
[Result "1-0"]
[WhiteElo "2510"]
[BlackElo "2625"]
[PlyCount "73"]
[EventDate "2020.09.29"]
[EventType "swiss (blitz)"]
[EventRounds "10"]
[EventCountry "USA"]
[SourceTitle "CBM 198 Extra"]
[Source "ChessBase"]
[SourceDate "2020.11.30"]
[SourceVersion "1"]
[SourceVersionDate "2020.11.30"]
[SourceQuality "1"]

1. Nf3 d5 2. e3 g6 3. c4 e6 4. Nc3 Bg7 5. d4 Ne7 6. Be2 O-O 7. O-O b6 8. b3 dxc4 9. bxc4 $146 ({RR} 9. Bxc4 c5 10. Bb2 cxd4 11. Nxd4 Nbc6 12. Nxc6 Nxc6 13. Qe2 Bb7 14. Rfd1 Qe7 15. Ba6 Bxa6 16. Qxa6 Rac8 17. Rac1 Nb4 18. Qe2 Rfd8 19. Rxd8+ Rxd8 20. Rd1 Rxd1+ 21. Nxd1 Bxb2 22. Qxb2 Qd6 23. Nc3 Qd3 {Quintiliano Pinto,R (2469)-Deac,B (2625) Chess.com INT 2020 1-0 (42)}) 9... c5 10. Ba3 Bb7 11. Rc1 Nd7 12. Qb3 Nc6 13. Rfd1 Na5 14. Qb5 Qc8 15. d5 exd5 16. Nxd5 Re8 17. Qb1 Nf6 18. Bb2 Bxd5 19. cxd5 Rd8 20. Qa1 Ne8 21. Bxg7 Nxg7 22. Ne5 h5 23. e4 Qc7 24. f4 Ne8 25. Bf3 Nd6 26. Qc3 Re8 27. a4 Rad8 28. Re1 Qe7 29. Rcd1 Qc7 30. g3 c4 31. g4 Qc5+ 32. Kg2 h4 33. g5 Rxe5 34. fxe5 Ne8 35. e6 fxe6 36. Bg4 Ng7 37. Rf1 1-0

[Event "Titled Tuesday intern op 29th Sept"]
[Site "Chess.com INT"]
[Date "2020.09.29"]
[Round "9"]
[White "Svane, Rasmus"]
[Black "Jumabayev, Rinat"]
[Result "1-0"]
[WhiteElo "2613"]
[BlackElo "2654"]
[PlyCount "89"]
[EventDate "2020.09.29"]
[EventType "swiss (blitz)"]
[EventRounds "10"]
[EventCountry "USA"]
[SourceTitle "CBM 198 Extra"]
[Source "ChessBase"]
[SourceDate "2020.11.30"]
[SourceVersion "1"]
[SourceVersionDate "2020.11.30"]
[SourceQuality "1"]

1. Nf3 d5 2. g3 c6 3. Bg2 Bg4 4. O-O Nd7 5. h3 Bh5 6. d4 Ngf6 7. c4 e6 8. cxd5 exd5 9. Ne5 Bg6 ({RR} 9... Ne4 10. Nd2 f5 11. Bf3 Bg6 12. Nxg6 hxg6 13. Bg2 Bd6 14. Nxe4 fxe4 15. h4 Qb6 16. Bg5 Nf8 17. e3 Qc7 18. Bh3 Nh7 19. Qg4 Qf7 20. f3 Nxg5 21. hxg5 Qe7 22. fxe4 Qxe4 23. Qd7# {1-0 (23) Yu Yangyi (2729)-Keymer,V (2690) chess.com INT 2023}) ({RR} 9... Nxe5 10. dxe5 Ne4 11. Nd2 Nxd2 12. Bxd2 f6 13. Qb3 Qb6 14. exf6 Qxb3 15. axb3 gxf6 16. b4 Bd6 17. b5 Kd7 18. bxc6+ bxc6 19. e4 d4 20. Rfc1 c5 21. f4 d3 22. Bc3 c4 23. Ra5 Be2 24. Rd5 {Preotu,R (2470)-Chasin,N (2426) Charlotte USA 2025 1-0 (55)}) 10. Nc3 Bb4 $146 ({RR} 10... Qb6 11. Nxg6 hxg6 12. Rb1 a5 13. Bf4 Be7 14. g4 Nf8 15. Na4 Qb5 16. Re1 Ne6 17. e3 Nxf4 18. exf4 Kf8 19. a3 Qa6 20. Qb3 b5 21. Nc5 Bxc5 22. dxc5 Re8 23. Rxe8+ Kxe8 24. g5 Nh5 25. Qe3+ {Panjwani,R (2458)-Chasin,N (2436) New York USA 2024 ½-½ (37)}) ({RR} 10... Bd6 11. f4 Be4 12. Nxe4 Nxe4 13. Bxe4 dxe4 14. Qb3 Bxe5 15. fxe5 O-O 16. Qxb7 Nb6 17. e3 Qd5 18. b3 Rfb8 19. Qe7 Re8 20. Qd6 Qb5 21. Qc7 Qd5 22. Ba3 Qe6 23. Kh2 Nd5 24. Rae1 Nxc7 {0-1 (24) Svane,R (2615)-Sebag,M (2430) Chess.com INT 2022}) 11. Qb3 Qb6 12. Nxg6 hxg6 13. Rd1 O-O 14. Na4 Qa5 15. a3 Bd6 16. Bd2 Qc7 17. Rac1 Rad8 18. Qc2 Rfe8 19. Nc3 Qb8 20. Bg5 Rc8 21. Qd3 a5 22. Re1 Re6 23. h4 Rce8 24. Bh3 R6e7 25. Qf3 Bc7 26. Kg2 Bb6 27. Rcd1 Qd8 28. e3 Bc7 29. Re2 b5 30. Rde1 b4 31. axb4 axb4 32. Na4 Bd6 33. b3 Re4 34. Rc2 Nb8 35. Ra1 Qc7 36. Nc5 Bxc5 37. Rxc5 Nfd7 38. Rca5 Qd6 39. Ra7 Nf6 40. Rb7 Nbd7 41. Raa7 Rd8 42. Bxf6 Nxf6 43. Rxf7 Ne8 44. Rxg7+ Nxg7 45. Qf7+ 1-0